书目信息 |
| 题名: |
突发事件应对
|
|
| 作者: | 萧枫 , 姜忠喆 主编 | |
| 分册: | ||
| 出版信息: | 长春 吉林出版集团有限责任公司 2012 |
|
| 页数: | 198页 | |
| 开本: | 23cm | |
| 丛书名: | 四特教育系列丛书 | |
| 单 册: | ||
| 中图分类: | G635.16 , G637.4 | |
| 科图分类: | ||
| 主题词: | 中小学--突发事件--处理--班主任工作 , 中小学 , 突发事件 , 处理 , 班主任工作 | |
| 电子资源: | ||
| ISBN: | 978-7-5463-8791-8 | |
| 000 | 01145oam2 2200337 45 | |
| 001 | 012001002830 | |
| 005 | 20131031101802.0 | |
| 010 | @a978-7-5463-8791-8@dCNY39.00 | |
| 100 | @a20130425d2012 em y0chiy50 ea | |
| 101 | 0 | @achi |
| 102 | @aCN@b220000 | |
| 105 | @ay z 000yy | |
| 106 | @ar | |
| 200 | 1 | @a突发事件应对@9tu fa shi jian ying dui@f萧枫,姜忠喆著 |
| 210 | @a长春@c吉林出版集团有限责任公司@d2012 | |
| 215 | @a198页@d23cm | |
| 225 | 2 | @a四特教育系列丛书@i班主任治班之道丛书 |
| 330 | @a列举的大量真实生动的案例,无不充满智慧,充满心与心的交流。本书中的一幕幕校园闹剧,让人有种似曾相识的感觉;书中老师的“斗智斗勇”,让人感到耳目一新,由衷叹服,不禁感慨教育真是一门充满智慧的学问。 | |
| 461 | 0 | @12001 @a四特教育系列丛书 |
| 462 | 0 | @12001 @a班主任治班之道丛书 |
| 606 | 0 | @a中小学@x突发事件@x处理@x班主任工作 |
| 606 | 0 | @a中小学 |
| 606 | 0 | @a突发事件 |
| 606 | 0 | @a处理 |
| 606 | 0 | @a班主任工作 |
| 690 | @aG635.16@v5 | |
| 690 | @aG637.4@v5 | |
| 701 | 0 | @a萧枫@9xiao feng@c(编辑)@4主编 |
| 701 | 0 | @a姜忠喆@9jiang zhong zhe@4主编 |
| 801 | 0 | @aCN@b江苏凤凰@c20191020 |
| 905 | @b1230819-22@dG635.16@e1508@f4 | |
| 突发事件应对/萧枫,姜忠喆著.-长春:吉林出版集团有限责任公司,2012 |
| 198页;23cm.-(四特教育系列丛书.班主任治班之道丛书) |
| ISBN 978-7-5463-8791-8:CNY39.00 |
| 列举的大量真实生动的案例,无不充满智慧,充满心与心的交流。本书中的一幕幕校园闹剧,让人有种似曾相识的感觉;书中老师的“斗智斗勇”,让人感到耳目一新,由衷叹服,不禁感慨教育真是一门充满智慧的学问。 |
| ● |
| 相关链接 |
|
|
|
|
正题名:突发事件应对
索取号:G635.16/1508
 
预约/预借
| 序号 | 登录号 | 条形码 | 馆藏地/架位号 | 状态 | 备注 |
| 1 | 1230819 | 212308199 | 第一样本阅览室/ [索取号:G635.16/1508] | 在馆 | |
| 2 | 1230820 | 212308206 | 教育系资料室/ [索取号:G635.16/1508] | 在馆 | |
| 3 | 1230821 | 212308215 | 教育系资料室/ [索取号:G635.16/1508] | 在馆 | |
| 4 | 1230822 | 212308224 | 第四借阅区/ [索取号:G635.16/1508] | 在馆 |